000 00966nam a2200253Ia 4500
003 OSt
005 20220923215623.0
006 a|||||r|||| 00| 0
007 ta
008 220922b |||||||| |||| 00| 0 hin d
024 _a180,297
037 _cTextual
040 _aARTS
_cARTS
_bhin
041 _2hin
_ahin
082 _aO152,1J90,11:g, J8
100 _aश्रीवास्तव, स्नेहलता
245 0 _aहिन्दी में भ्रमरगीत काव्य और उसकी परम्परा
246 _aHindī mean bhramaragīt kāvya aur usakī paramparā
260 _aअलीगढ़
_b भारत प्रकाशन मन्दिर
_c1958
300 _a616 पृ.
_ccm.
650 _aहिन्दी साहित्य
_9156264
942 _hO152,1J90,11:g, J8
_cTEXL
_2CC
999 _c333678
_d333678